Asia and Africa : fundamental changes
Saved in:
| Other Authors: | |
|---|---|
| Format: | Book |
| Language: | English |
| Published: |
Moscow :
Novosti Press Agency Publishing House,
1972.
|
| Subjects: | |
| Tags: |
Add Tag
No Tags, Be the first to tag this record!
|
MARC
| LEADER | 00000cam a2200000 a 4500 | ||
|---|---|---|---|
| 001 | 1/121209 | ||
| 008 | 200408s1972####ru ||||||| |||| ||eng|| | ||
| 040 | |a GR-MyUa |b gre |c GR-MyUa |e AACR2 | ||
| 041 | 0 | |a eng | |
| 082 | 7 | |a 320.95 |2 (23) | |
| 245 | 0 | 0 | |a Asia and Africa : |b fundamental changes / |c editorial board: B.G. Gafurov … [et.al.]. |
| 260 | |a Moscow : |b Novosti Press Agency Publishing House, |c 1972. | ||
| 300 | |a 384 σ. ; |c 17 εκ. | ||
| 651 | 0 | |a Asia |x Economics conditions |y 20th century. | |
| 651 | 0 | |a Asia |x Politics and government |y 20th century. | |
| 651 | 0 | |a Africa |x Economic conditions |y 20th century. | |
| 651 | 0 | |a Africa |x Politics and government |y 20th Century. | |
| 700 | 1 | |a Gafurov, Bobodzhan Gafurovich |d 1908-1977, |e edt | |
| 852 | |a INST |b LESVOS |e 20200408 |h 320.95 ASI |p 005100062525 |q 005100062525 |t BK |y 0 | ||
| 920 | |a Φατούρος Α.-Φραγκουδάκη Α. |y Λέσβος |z 2012 | ||
| 970 | |a Δημάκη |b Μαρία |z 08-04-2020 | ||